<?xml version="1.0" encoding="UTF-8"?>
<collection xmlns:xsi="http://www.w3.org/2001/XMLSchema-instance" xsi:schemaLocation="http://www.loc.gov/MARC21/slim http://www.loc.gov/standards/marcxml/schema/MARC21slim.xsd" xmlns="http://www.loc.gov/MARC21/slim">
 <record>
  <leader>00000cab a22000004cb4500</leader>
  <controlfield tag="001">IPP-00000192521</controlfield>
  <controlfield tag="003">IPP</controlfield>
  <controlfield tag="005">20161010155159.0</controlfield>
  <controlfield tag="008">161010s2014    xx     d | ||r |||||   ||</controlfield>
  <datafield tag="245" ind1="1" ind2="0">
   <subfield code="a">The effect of training on mood in Filipino national elite and varsity taekwondo athlets</subfield>
   <subfield code="b">a pilot study</subfield>
  </datafield>
  <datafield tag="264" ind1="#" ind2="1">
   <subfield code="c">2014</subfield>
  </datafield>
  <datafield tag="520" ind1="#" ind2="#">
   <subfield code="a">the purpose of this study was to assess the psychological implocations of regular taekwondo training in competitive taekwondo athletes. Subjects were recruited from members of the Philippine varsity teams (4 females, 16.75±1.71 years, 4 males, 18.25±2.22 years and 5 males, 18.10±0.84 years) and of the national teams (4 females, 16.75±1.71 years, 4 males, 18.50±5.07 years). The Brunel Mood Scale was administered 10 minutes before and immediately after the training session. Collapsed over group, tension was reduced after training (2.24±1.82 vs. 1.12±1.97, p=0.004, eta squared=0.433), but there was no difference in depression: 0.82±1.19 before versus 1.12±1.76 after training (p=0.315, eta squared=0.067). There was a Group*Time interaction for fatigue (p&lt;0.001, eta squared=0.582). Simple effects analysis showed that the varsity athletes were more fatigued after the training session (9.33±2.29 vs. 2.33±1.50, d=3.69). After the training, the varsity taekwondo-in also scored higher on fatigue than their counterparts in the national team (4.63±2.72, d=1.89). Taekwondo training might have a beneficial effect on some negative mood states, which was thus far found for aerobic activities.</subfield>
  </datafield>
  <datafield tag="650" ind1="1" ind2="0">
   <subfield code="a">Martial arts</subfield>
  </datafield>
  <datafield tag="650" ind1="2" ind2="0">
   <subfield code="a">Taekwondo</subfield>
  </datafield>
  <datafield tag="650" ind1="2" ind2="0">
   <subfield code="a">Filipino athletes</subfield>
  </datafield>
  <datafield tag="773" ind1="0" ind2="#">
   <subfield code="t">Asia Life Sciences : the Asian International Journal of Life Sciences</subfield>
   <subfield code="g">Vol. 23, no. 1 (Jan. 2014 - Jun. 2014), 311-315</subfield>
  </datafield>
  <datafield tag="852" ind1="#" ind2="#">
   <subfield code="a">UPD</subfield>
   <subfield code="b">DMLP</subfield>
  </datafield>
  <datafield tag="942" ind1="#" ind2="#">
   <subfield code="a">Article</subfield>
  </datafield>
  <datafield tag="950" ind1="#" ind2="#">
   <subfield code="a">FI</subfield>
  </datafield>
 </record>
</collection>
